000 00386 a2200169 4500
001 72048
020 _a8573243171
040 _cAnchieta - Colégio São Paulo
100 _aMontemagno, V.
240 1 0 _aHistória dos bichinhos
_lpor
245 1 0 _aHistória dos bichinhos
300 _a[12p.]
362 0 _a0
440 1 _aEko
650 4 _aLiteratura infanto-juvenil
942 _cBK
999 _c72048
_d72048